Heráldica municipal de la provincia de Toledo / (Record no. 136554)

MARC details
000 -LEADER
campo de control de longitud fija 00886nam a2200241 i 4500
001 - NÚMERO DE CONTROL
campo de control 136554
003 - IDENTIFICADOR DE NÚMERO DE CONTROL
campo de control ES-MaACL
005 - FECHA Y HORA DE LA ÚLTIMA TRANSACCIÓN
campo de control 20230906195150.0
007 - CAMPO FIJO DE DESCRIPCIÓN FÍSICA--INFORMACIÓN GENERAL
campo de control de longitud fija t|
008 - DATOS DE LONGITUD FIJA--INFORMACIÓN GENERAL
campo de control de longitud fija 070214s1982 sp af |||| | spa d
100 1# - ENTRADA PRINCIPAL--NOMBRE DE PERSONA
Nombre de persona Ruz Márquez, José Luis.
9 (RLIN) 101090
245 10 - MENCIÓN DEL TÍTULO
Título Heráldica municipal de la provincia de Toledo /
Mención de responsabilidad, etc. José Luis Ruz Márquez, Ventura Leblic García.
260 ## - PUBLICACIÓN, DISTRIBUCIÓN, ETC.
Lugar de publicación, distribución, etc. Toledo :
Nombre del editor, distribuidor, etc. Instituto Provincial de Investigaciones y Estudios Toledanos,
Fecha de publicación, distribución, etc. 1982.
300 ## - DESCRIPCIÓN FÍSICA
Extensión 167 p., 5 lám. :
Otras características físicas il. ;
Dimensiones 21 cm.
490 1# - MENCIÓN DE SERIE
Mención de serie Temas toledanos ;
Designación de volumen o secuencia 3
504 ## - NOTA DE BIBLIOGRAFÍA, ETC.
Nota de bibliografía, etc. Bibliografía: p. 160-166.
650 #4 - PUNTO DE ACCESO ADICIONAL DE MATERIA--TÉRMINO DE MATERIA
Término de materia o nombre geográfico como elemento de entrada Heráldica-
Subdivisión geográfica Toledo (Provincia)
9 (RLIN) 157580
700 1# - ENTRADA AGREGADA--NOMBRE PERSONAL
Nombre de persona Leblic García, Ventura.
9 (RLIN) 71024
710 2# - ENTRADA AGREGADA--NOMBRE DE ENTIDAD CORPORATIVA
Nombre de entidad corporativa o nombre de jurisdicción como elemento de entrada Instituto Provincial de Investigaciones y Estudios Toledanos.
9 (RLIN) 5217
830 0# - PUNTO DE ACCESO ADICIONAL DE SERIE-TÍTULO UNIFORME
Título uniforme Temas toledanos ;
Designación de volumen o secuencia 3
9 (RLIN) 181269
852 ## - LOCALIZACIÓN
Ubicación ES-MaACL
Número de control de estantería L-6138
Holdings
Estatus retirado Estado de pérdida Estado de daño No para préstamo Biblioteca de origen Biblioteca actual Ubicación en estantería Fecha de adquisición Fuente de adquisición Total de préstamos Signatura topográfica completa Código de barras Visto por última vez Precio de reemplazo Tipo de ítem Koha
        Biblioteca del Ateneo de Madrid Biblioteca del Ateneo de Madrid Depósito 2 17/01/2008     L-6138 1142115 23/02/2023 23/02/2023 Libro impreso